Open Data Biblioteca Nacional de Portugal


República Portuguesa: Ministério da Cultura
Biblioteca Nacional de Portugal

Catálogo da BNP: acesso por Identificadores Unívocos
Registos Bibliográficos associados ao registo de autoridade

Etiqueta de registo: 01027cam 2200241 450
001 1043676
003 http://id.bnportugal.gov.pt/bib/catbnp/1043676
005 20010321123000.0
100 ## $a20010105d1999 k y0pory0103 ba
101 0# $apor
102 ## $aPT
105 ## $aa m 001yy
106 ## $ar
200 1# $aCasas e grupos sociais$bTexto policopiado]$ereprodução e transformação social em Moreira da Maia$fJosé Augusto Teixeira Maia Marques
210 #9 $aBraga$c[s.n.],$d1999
215 ## $a189 f.$cil.$d30 cm$ecurriculum vitae (12 f.)$eresumo, [1] f,
320 ## $aContém bibliografia
328 ## $aTese mest. Antropologia, Univ. do Minho, 1999
606 ## $2SIPOR$3981770
606 ## $2SIPOR$3981780
675 ## $a316.34 (469.121)"1840/1990"(043.2)$vBN$zpor$3981767
675 ## $a392.3 (469.121)"1840/1990"(043.2)$vBN$zpor$3981769
700 #1 $aMarques,$bJosé Augusto Teixeira Maia$3974330
966 ## $lBN$mFGMON$sS.C. 88176 V.$x1

Etiqueta de registo: 00254nam 2200025 450
001 2286235
003 http://id.bnportugal.gov.pt/bib/catbnp/2286235
021 ## $aPT$b559246/26
100 ## $a20260513d2026 m y0pory01030103ba
101 0# $apor
102 ## $aPT
105 ## $aa z 000yy
106 ## $ar
200 1# $aAssociação Humanitária dos Bombeiros Voluntários de Moreira da Maia (1926-2026)$e100 anos de história e de serviço à comunidade$fJosé Augusto Teixeira Maia Marques, Gonçalo Nuno Ramos Maia Marques
210 #9 $aMoreira da Maia$cAssociação Humanitária dos Bombeiros Voluntários de Moreira da Maia,$d2026
215 ## $a131 p.$cil.$d31 cm
700 #1 $aMarques,$bJosé Augusto Teixeira Maia$3974330
701 #1 $aMarques,$bGonçalo,$f1984-$4070$31487135
801 #0 $aPT$bBN$gRPC
966 ## $lBN$mFGMON$x1
966 ## $lBN$mFGMON$x1
971 ## $casantos$d20260513

OpendataBNP@bnportugal.pt | Mais informação sobre acesso aos dados BNP